Guess the Movie from the Cast #11 - Statistics

General Stats
  • This quiz has been taken 41 times
  • The average score is 5 of 10
Answer Stats
Hint Answer % Correct
Tom Hanks / Robin Wright / Gary Sinise / Sally Field Forrest Gump
93%
Edward Norton / Brad Pitt / Helena Bonham Carter / Meat Loaf Fight Club
83%
Sigourney Weaver / Tom Skerritt / Veronica Cartwright / John Hurt Alien
75%
Anthony Perkins / Janet Leigh / Vera Miles / John Gavin Psycho
50%
Audrey Tautou / Mathieu Kassovitz / Rufus / Lorella Cravotta Amélie
40%
(a) Owen Wilson / Paul Newman / Bonnie Hunt / Tony Shalhoub (a) Cars
38%
David Corenswet / Rachel Brosnahan / Nicholas Hoult / Edi Gathegi Superman
33%
Billy Bob Thornton / Tony Cox / Lauren Graham / Bernie Mac Bad Santa
30%
Ellen Burstyn / Jared Leto / Jennifer Connelly / Marlon Wayans Requiem for a Dream
25%
Rosa Salazar / Christoph Waltz / Jennifer Connelly / Mahershala Ali Alita: Battle Angel
5%
No matching quizzes found
Score Distribution
Percent of People with Each Score
Percentile by Number Answered
Your Score History
You have not taken this quiz